[Event "Quebec-ch qual2"]
[Site "Montreal"]
[Date "2006.05.20"]
[Round "2"]
[White "Kieu, Marc Andre"]
[Black "Michaud, Pierre"]
[Result "0-1"]
[WhiteElo "1700"]
[BlackElo "1343"]
[PlyCount "94"]
[EventDate "2006.05.19"]
[EventType "swiss"]
[EventRounds "5"]
[EventCountry "CAN"]
[SourceTitle "EXT 2007"]
[Source "ChessBase"]
[SourceDate "2006.11.23"]
[SourceVersion "1"]
[SourceVersionDate "2006.11.23"]
[SourceQuality "1"]

1. e4 c5 2. Nf3 d6 3. d4 cxd4 4. Nxd4 Nf6 5. Nc3 a6 6. a4 e6 7. Be3 Be7 8. Be2 Qc7 9. 0-0 Nbd7 10. f4 b6 11. Bf3 Bb7 12. Nb3 Nc5 13. Nxc5 bxc5 14. f5 0-0 15. g4 d5 16. exd5 exd5 17. g5 Ne4 18. Bxe4 dxe4 19. Qg4 Rfe8 20. f6 Bf8 21. Ne2 Bc8 22. Qg2 Qe5 23. b3 Bb7 24. Nf4 Rad8 25. Nh5 g6 26. Ng3 Rd7 27. Rae1 Qc7 28. Rf4 Bd6 29. Rh4 Bxg3 30. hxg3 Red8 31. Qh3 h5 32. g4 Rd1 33. Rxd1 Rxd1+ 34. Kf2 Qa5 35. Kg3 Qe1+ 36. Kf4 Qa5 37. Kg3 Qc3 38. Kg2 Qxc2+ 39. Kg3 Qe2 40. Kf4 Rf1+ 41. Ke5 Rf3 42. Bxc5 Rxh3 43. Rxh3 Qxg4 44. Rc3 Qxg5+ 45. Kd4 Qxf6+ 46. Kc4 Qe5 47. Kb4 a5+ 0-1

[Event "Quebec-ch qual1"]
[Site "Montreal"]
[Date "2006.05.06"]
[Round "2"]
[White "Michaud, Pierre"]
[Black "Mok, Yuen Tak"]
[Result "1-0"]
[WhiteElo "1335"]
[BlackElo "1609"]
[PlyCount "91"]
[EventDate "2006.05.05"]
[EventType "swiss"]
[EventRounds "5"]
[EventCountry "CAN"]
[SourceTitle "EXT 2007"]
[Source "ChessBase"]
[SourceDate "2006.11.23"]
[SourceVersion "1"]
[SourceVersionDate "2006.11.23"]
[SourceQuality "1"]

1. e4 e5 2. Nf3 Nf6 3. Nxe5 d6 4. Nf3 Nxe4 5. d4 d5 6. Bd3 Nc6 7. c3 Bd6 8. Nbd2 Nf6 9. 0-0 0-0 10. b3 Bg4 11. Qc2 Qd7 12. Bb2 Rae8 13. Rfe1 g6 14. a3 Nd8 15. c4 c6 16. Ne5 Bxe5 17. dxe5 Nh5 18. Qc3 Be6 19. a4 f5 20. exf6 Nxf6 21. Nf3 Qg7 22. Qc2 dxc4 23. Bxc4 Bxc4 24. Qxc4+ Qf7 25. Qc3 Ne6 26. Ne5 Qg7 27. Qc4 Nd5 28. Nd3 Qc7 29. Rac1 Qd6 30. Be5 Qe7 31. Bg3 a5 32. Re2 Qf7 33. Rce1 Ng7 34. Ne5 Qf5 35. h3 Nh5 36. Bh2 Nhf4 37. Re4 Kg7 38. Qd4 Ne6 39. Qb2 Kg8 40. Ng4 Qg5 41. Rxe6 Rd8 42. R6e5 Rf5 43. Re8+ Rxe8 44. Rxe8+ Kf7 45. Re1 Nb4 46. Qh8 1-0

[Event "Quebec-ch sf"]
[Site "Montreal"]
[Date "2003.??.??"]
[Round "3"]
[White "Marcone, Malcom"]
[Black "Michaud, Pierre"]
[Result "0-1"]
[WhiteElo "2048"]
[BlackElo "1315"]
[PlyCount "78"]
[EventDate "2003.??.??"]
[EventType "swiss"]
[EventRounds "5"]
[EventCountry "CAN"]
[SourceTitle "EXT 2006"]
[Source "ChessBase"]
[SourceDate "2005.11.24"]
[SourceVersion "1"]
[SourceVersionDate "2005.11.24"]
[SourceQuality "1"]

1. d4 d5 2. Nf3 Nf6 3. c4 e6 4. Nc3 Nbd7 5. cxd5 exd5 6. Bg5 c6 7. e3 Be7 8. Bd3 h6 9. Bh4 0-0 10. 0-0 b6 11. Qe2 Re8 12. Rfd1 Bd6 13. Rac1 Bb7 14. Ba6 Bxa6 15. Qxa6 Qc8 16. Qa4 Qb7 17. Qb3 Rac8 18. a3 Qb8 19. Bg3 Ne4 20. Bxd6 Qxd6 21. Rc2 Ndf6 22. Ne5 Nxc3 23. Qxc3 Ne4 24. Qd3 c5 25. Qa6 Rc7 26. Rdc1 c4 27. f3 Nf6 28. b3 Rec8 29. bxc4 Qe7 30. Qa4 dxc4 31. Rxc4 Rxc4 32. Rxc4 Rxc4 33. Nxc4 Nd5 34. e4 Nf4 35. Kf1 Ne6 36. Ne5 b5 37. Qxb5 Nxd4 38. Qd5 Nc2 39. a4 Ne3+ 0-1

[Event "Quebec-ch sf"]
[Site "Montreal"]
[Date "2003.??.??"]
[Round "1"]
[White "Michaud, Pierre"]
[Black "Lacroix, Serge"]
[Result "0-1"]
[WhiteElo "1315"]
[BlackElo "2068"]
[PlyCount "104"]
[EventDate "2003.??.??"]
[EventType "swiss"]
[EventRounds "5"]
[EventCountry "CAN"]
[SourceTitle "EXT 2006"]
[Source "ChessBase"]
[SourceDate "2005.11.24"]
[SourceVersion "1"]
[SourceVersionDate "2005.11.24"]
[SourceQuality "1"]

1. e4 e5 2. Nf3 Nc6 3. Bb5 a6 4. Ba4 Nf6 5. 0-0 Be7 6. Re1 b5 7. Bb3 d6 8. c3 0-0 9. h3 Nd7 10. d4 Nb6 11. a3 Bf6 12. d5 Na5 13. Bc2 c6 14. dxc6 Qc7 15. Nbd2 Qxc6 16. Nf1 Be6 17. Ng3 g6 18. Ng5 Bd7 19. Qf3 Bg7 20. Nf5 gxf5 21. Qh5 h6 22. exf5 f6 23. Ne6 Bxe6 24. fxe6 f5 25. Bxf5 Rxf5 26. Qxf5 Rf8 27. Qg4 Kh7 28. f4 Nb3 29. f5 Rf6 30. Rb1 Nc4 31. Kh1 d5 32. Be3 Nd6 33. Qb4 d4 34. cxd4 Nxd4 35. Bxd4 exd4 36. Rbc1 Qb6 37. e7 a5 38. Qxd6 Qxd6 39. e8Q Rxf5 40. Re6 Qg3 41. Qa8 d3 42. Qe4 Qf4 43. Qxf4 Rxf4 44. Rc7 d2 45. Kh2 d1Q 46. Ree7 Qd4 47. Rb7 Qxb2 48. Red7 Kg8 49. Re7 Rf2 50. Re8+ Rf8 51. Ree7 Be5+ 52. Kh1 Qc3 0-1

[Event "Sherbrooke op"]
[Site "Sherbrooke"]
[Date "2000.??.??"]
[Round "2"]
[White "Michaud, Pierre"]
[Black "Parra, Victor"]
[Result "1-0"]
[WhiteElo "1308"]
[BlackElo "1370"]
[PlyCount "49"]
[EventDate "2000.??.??"]
[EventType "swiss"]
[EventRounds "5"]
[EventCountry "CAN"]
[SourceTitle "EXT 2004"]
[Source "ChessBase"]
[SourceDate "2003.11.25"]
[SourceVersion "1"]
[SourceVersionDate "2003.11.25"]
[SourceQuality "1"]

1. e4 e5 2. Nf3 Nc6 3. d4 exd4 4. Bc4 h6 5. 0-0 Bc5 6. c3 dxc3 7. Nxc3 a6 8. Bxf7+ Kxf7 9. Qd5+ Ke8 10. Qxc5 d6 11. Qh5+ Kf8 12. Nd5 Nf6 13. Nxf6 Qxf6 14. Bg5 Qxb2 15. Be3 Rg8 16. Nh4 Ne5 17. f4 Bg4 18. fxe5+ Ke7 19. exd6+ Kxd6 20. Qxg4 Raf8 21. Rad1+ Kc6 22. Qe6+ Kb5 23. Qd5+ Kb4 24. Rd4+ Ka3 25. Qa5# 1-0